000 01316cam a22004097a 4500
003 CHAP
005 20220817043835.0
008 010323d it rn 00110 spa d
010 _a85798
011 _a86770
020 _a9251046069
035 _a97310
040 _cCHAP
082 0 4 _a639.2
_bF3 v.401
110 2 _aFAO
245 1 0 _aUnderstanding the cultures of fishing communities :
_ba key to fisheries management and food security
_c/by FAO
260 _aRome:
_bFAO,
_c2001.
300 _a287 p.
410 _aFAO
490 0 _aDocumento técnico de pesca
_v; 401
590 _aBATCH-UPD
_b10
_c20130110
_lUCH01
_h0428
590 _aBATCH-UPD
_b10
_c20130110
_lUCH01
_h2204
590 _aBATCH-UPD
_b10
_c20130410
_lUCH01
_h0104
590 _aBATCH-UPD
_b10
_c20130410
_lUCH01
_h1543
590 _aBATCH-UPD
_b10
_c20130914
_lUCH01
_h1214
590 _aCONVERSION
_b10
_c20130109
_lUCH01
_h1348
650 1 4 _aPesca cooperativa.
_987435
650 1 4 _aPesca
_xAdministración.
_987353
650 1 4 _aPesquería
_xAdministración.
_987497
700 0 0 _aMcGoodwin, James R.
_973537
810 0 _aFAO
830 0 0 _aDocumento técnico de pesca
_v; 401
_933242
901 _aBK
905 _aAlejandra Carrasco M.
942 _cLIBRO
949 _a639.2 F3 v. 401
_bBC
_cFAO
_d33724000864971
_eFAO1
_h102609
_i97310
_sb
999 _c85798
_d85798